[Event "Southwest Class"]
[Site "Fort Worth USA"]
[Date "2019.02.17"]
[Round "7.1"]
[White "Kovalyov, Anton"]
[Black "Xiong, Jeffery"]
[Result "1-0"]
[WhiteElo "2615"]
[BlackElo "2666"]
[PlyCount "77"]
[GameId "2130307611377320"]
[EventDate "2019.02.14"]
[EventType "swiss"]
[EventRounds "9"]
[EventCountry "USA"]
[SourceTitle "The Week in Chess 1269"]
[Source "Mark Crowther"]
[SourceDate "2019.03.04"]
[SourceVersion "1"]
[SourceVersionDate "2019.03.04"]
[SourceQuality "2"]

1. c4 g6 2. Nf3 Bg7 3. d4 Nf6 4. e3 O-O 5. Be2 d6 6. O-O e5 7. dxe5 dxe5 8. Nxe5 Qe7 9. Nd3 Rd8 10. Qb3 Na6 11. Nc3 c6 12. f3 Nh5 13. Ne4 Be6 14. a4 f5 15. Nef2 Qf7 16. Qc2 Kh8 17. f4 Qg8 18. Ne5 Nf6 19. Bd2 Nd7 20. Nf3 Qf8 21. a5 Ndc5 22. Rab1 Rxd2 23. Qxd2 Rd8 24. Qe1 Nb3 25. Nd3 Nac5 26. Nde5 Bxe5 27. Nxe5 Nd2 28. Rd1 Nce4 29. Bf3 Nxf1 30. Nxg6+ hxg6 31. Qh4+ Kg7 32. Rxd8 g5 33. Rxf8 gxh4 34. Rb8 Nxe3 35. Rxb7+ Kf6 36. Rxa7 Nxc4 37. a6 Bd5 38. Rb7 c5 39. Rb8 1-0

[Event "Pan-Am Intercoll."]
[Site "Burlingame USA"]
[Date "2018.12.30"]
[Round "6"]
[White "Kovalyov, Anton"]
[Black "Ringoir, Tanguy"]
[Result "1/2-1/2"]
[WhiteElo "2621"]
[BlackElo "2516"]
[PlyCount "40"]
[GameId "2129404762116990"]
[EventDate "2018.12.28"]
[EventType "team"]
[EventRounds "6"]
[EventCountry "USA"]
[SourceTitle "10 Days #565"]
[Source "ChessMix"]
[SourceDate "2019.01.01"]
[SourceVersion "1"]
[SourceVersionDate "2019.01.01"]
[SourceQuality "1"]
[TimeControl "5400+30"]

1. c4 {[%emt 0:00:00]} Nf6 {[%emt 0:00:00]} 2. Nf3 {[%emt 0:00:31]} e6 {[%emt 0:00:00]} 3. Nc3 {[%emt 0:01:11]} d5 {[%emt 0:00:00]} 4. e3 {[%emt 0:00:18]} b6 {[%emt 0:00:17]} 5. b3 {[%emt 0:01:01]} Bb7 {[%emt 0:00:05]} 6. Bb2 {[%emt 0:00:18]} Bd6 {[%emt 0:01:19]} 7. cxd5 {[%emt 0:01:01]} exd5 {[%emt 0:00:12]} 8. Nb5 {[%emt 0:00:33]} Be7 {[%emt 0:01:01]} 9. Be5 {[%emt 0:01:06]} Na6 {[%emt 0:00:06]} 10. Be2 {[%emt 0:02:11]} O-O {[%emt 0:00:06]} 11. O-O {[%emt 0:00:45]} c5 {[%emt 0:05:10]} 12. d4 {[%emt 0:01:42]} Nb4 {[%emt 0:00:18]} 13. dxc5 {[%emt 0:10:51]} bxc5 {[%emt 0:00:05]} 14. Bb2 {[%emt 0:00:11]} Qb6 {[%emt 0:06:45]} 15. Nc3 {[%emt 0:00:32]} Qe6 {[%emt 0:00:52]} 16. a3 {[%emt 0:01:04]} Nc6 {[%emt 0:00:04]} 17. Qc2 {[%emt 0:00:25]} h6 {[%emt 0:04:26]} 18. Rad1 {[%emt 0:02:53]} Rfd8 {[%emt 0:01:38]} 19. Rfe1 {[%emt 0:05:12]} Bf8 {[%emt 0:01:23]} 20. Bf1 {[%emt 0:09:09]} Na5 {[%emt 0:04:08]} 1/2-1/2

[Event "UT Dallas Fall op"]
[Site "Dallas USA"]
[Date "2018.11.17"]
[Round "2.6"]
[White "Bakalchuk, Johnatan"]
[Black "Kovalyov, Anton"]
[Result "1/2-1/2"]
[WhiteElo "2429"]
[BlackElo "2631"]
[PlyCount "81"]
[GameId "2130307614154040"]
[EventDate "2018.11.16"]
[EventType "swiss"]
[EventRounds "9"]
[EventCountry "USA"]
[SourceTitle "10 Days #562"]
[Source "ChessMix"]
[SourceDate "2018.12.01"]
[SourceVersion "1"]
[SourceVersionDate "2018.12.01"]
[SourceQuality "1"]

1. e4 c5 2. Nf3 d6 3. d4 cxd4 4. Nxd4 Nf6 5. Nc3 a6 6. Be2 e5 7. Nb3 Be7 8. O-O O-O 9. Qd3 Nbd7 10. a4 b6 11. Bg5 Bb7 12. Rfd1 Qc7 13. Nd2 Nc5 14. Qc4 Qd8 15. Bxf6 Bxf6 16. Bg4 Rb8 17. Nb3 g6 18. Nxc5 bxc5 19. b3 Kh8 20. a5 Be7 21. Qd3 Qc7 22. Be2 f5 23. Bf3 c4 24. bxc4 Rbc8 25. Rab1 Ba8 26. exf5 Bxf3 27. Qxf3 Qxc4 28. Nd5 Rxf5 29. Qh3 Qh4 30. Qxh4 Bxh4 31. g3 Bd8 32. Rb7 Bxa5 33. Ne7 Rf7 34. Nxc8 Rxb7 35. Rxd6 Rc7 36. Rxa6 Bb4 37. Nd6 Bxd6 38. Rxd6 Rxc2 39. Re6 Rc5 40. Re7 h5 41. Kg2 1/2-1/2

[Event "UT Dallas Fall op"]
[Site "Dallas USA"]
[Date "2018.11.17"]
[Round "3.6"]
[White "Kovalyov, Anton"]
[Black "Wheeler, Cameron"]
[Result "1/2-1/2"]
[WhiteElo "2631"]
[BlackElo "2424"]
[PlyCount "42"]
[GameId "2130307614154057"]
[EventDate "2018.11.16"]
[EventType "swiss"]
[EventRounds "9"]
[EventCountry "USA"]
[SourceTitle "10 Days #562"]
[Source "ChessMix"]
[SourceDate "2018.12.01"]
[SourceVersion "1"]
[SourceVersionDate "2018.12.01"]
[SourceQuality "1"]

1. Nf3 d5 2. d4 Nf6 3. c4 c6 4. cxd5 cxd5 5. Nc3 Nc6 6. Bf4 Bf5 7. e3 e6 8. Bd3 Bxd3 9. Qxd3 Bd6 10. Bxd6 Qxd6 11. O-O O-O 12. Rfc1 Rfc8 13. h3 h6 14. Qd1 Qd8 15. Qe2 Rc7 16. Nb5 Re7 17. Nc3 Rc8 18. Qd1 Rec7 19. Nb5 Re7 20. Nc3 Rec7 21. Nb5 Re7 1/2-1/2

[Event "UT Dallas Fall op"]
[Site "Dallas USA"]
[Date "2018.11.18"]
[Round "4.8"]
[White "Kaliksteyn, Alexander"]
[Black "Kovalyov, Anton"]
[Result "0-1"]
[WhiteElo "2380"]
[BlackElo "2631"]
[PlyCount "80"]
[GameId "2130307614154077"]
[EventDate "2018.11.16"]
[EventType "swiss"]
[EventRounds "9"]
[EventCountry "USA"]
[SourceTitle "10 Days #562"]
[Source "ChessMix"]
[SourceDate "2018.12.01"]
[SourceVersion "1"]
[SourceVersionDate "2018.12.01"]
[SourceQuality "1"]

1. d4 Nf6 2. Nf3 e6 3. Bf4 c5 4. e3 cxd4 5. exd4 b6 6. Bd3 Bb7 7. O-O Be7 8. Re1 O-O 9. h3 d6 10. Nbd2 Nbd7 11. c3 h6 12. a4 a6 13. Bg3 Qc7 14. Qe2 Rfe8 15. c4 a5 16. Rac1 Bf8 17. Ne4 Nxe4 18. Bxe4 Rac8 19. Rc3 Nf6 20. Bxb7 Qxb7 21. Re3 d5 22. b3 Ne4 23. Rxe4 dxe4 24. Qxe4 Qxe4 25. Rxe4 g5 26. Be5 Be7 27. Re2 f6 28. Bg3 Bb4 29. Ne1 e5 30. dxe5 Rcd8 31. Nc2 Rd1+ 32. Kh2 Rd2 33. Rxd2 Bxd2 34. exf6 Kf7 35. Nd4 Kxf6 36. Nb5 Bf4 37. Nc7 Re2 38. Nd5+ Ke5 39. Nxb6 Bxg3+ 40. fxg3 Kd4 0-1

[Event "UT Dallas Fall op"]
[Site "Dallas USA"]
[Date "2018.11.18"]
[Round "5.3"]
[White "Kovalyov, Anton"]
[Black "Grinberg, Eyal"]
[Result "1-0"]
[WhiteElo "2631"]
[BlackElo "2472"]
[PlyCount "95"]
[GameId "2130307614158186"]
[EventDate "2018.11.16"]
[EventType "swiss"]
[EventRounds "9"]
[EventCountry "USA"]
[SourceTitle "10 Days #562"]
[Source "ChessMix"]
[SourceDate "2018.12.01"]
[SourceVersion "1"]
[SourceVersionDate "2018.12.01"]
[SourceQuality "1"]

1. c4 c6 2. Nf3 d5 3. d4 Nf6 4. e3 e6 5. b3 c5 6. cxd5 Nxd5 7. Nbd2 Nc6 8. Bb2 cxd4 9. Nxd4 Bd7 10. N4f3 Nf6 11. Be2 Be7 12. O-O O-O 13. a3 Qc7 14. b4 a6 15. Rc1 Rac8 16. Nb3 Rfd8 17. Rc2 Qb8 18. Qb1 e5 19. Rcc1 Bg4 20. h3 Bh5 21. Nc5 h6 22. Rfe1 Bg6 23. Qa1 Bd6 24. Red1 Bh5 25. Rd2 Bxc5 26. Rxd8+ Rxd8 27. Rxc5 Nd7 28. Rc2 Bg6 29. Rd2 f6 30. a4 Nf8 31. b5 axb5 32. axb5 Rxd2 33. Nxd2 Ne7 34. Ba3 Qd8 35. Nc4 Nc8 36. Bb4 Bf7 37. Qa8 Bd5 38. Nd6 Be6 39. Bg4 f5 40. Bxf5 Bxf5 41. Nxf5 Qd1+ 42. Kh2 Qb1 43. Qxc8 Qxb4 44. Qxb7 Ne6 45. Qd7 Qb3 46. b6 Qxb6 47. Qe8+ Kh7 48. Ne7 1-0

[Event "UT Dallas Fall op"]
[Site "Dallas USA"]
[Date "2018.11.19"]
[Round "6.1"]
[White "Reshef, Omer"]
[Black "Kovalyov, Anton"]
[Result "1/2-1/2"]
[WhiteElo "2484"]
[BlackElo "2631"]
[PlyCount "40"]
[GameId "2130307614158201"]
[EventDate "2018.11.16"]
[EventType "swiss"]
[EventRounds "9"]
[EventCountry "USA"]
[SourceTitle "10 Days #562"]
[Source "ChessMix"]
[SourceDate "2018.12.01"]
[SourceVersion "1"]
[SourceVersionDate "2018.12.01"]
[SourceQuality "1"]

1. Nf3 Nf6 2. c4 e6 3. g3 d5 4. Bg2 Be7 5. O-O O-O 6. d4 c6 7. Nc3 Nbd7 8. Bf4 Nh5 9. Bc1 Nhf6 10. Bf4 Nh5 11. Bc1 Nhf6 12. Bf4 Nh5 13. Bc1 Nhf6 14. Bf4 Nh5 15. Bc1 Nhf6 16. Bf4 Nh5 17. Bc1 Nhf6 18. Bf4 Nh5 19. Bc1 Nhf6 20. Bf4 Nh5 1/2-1/2

[Event "UT Dallas Fall op"]
[Site "Dallas USA"]
[Date "2018.11.20"]
[Round "7.3"]
[White "Kovalyov, Anton"]
[Black "Li, Ruifeng"]
[Result "1/2-1/2"]
[WhiteElo "2631"]
[BlackElo "2560"]
[PlyCount "42"]
[GameId "2130307614158219"]
[EventDate "2018.11.16"]
[EventType "swiss"]
[EventRounds "9"]
[EventCountry "USA"]
[SourceTitle "10 Days #562"]
[Source "ChessMix"]
[SourceDate "2018.12.01"]
[SourceVersion "1"]
[SourceVersionDate "2018.12.01"]
[SourceQuality "1"]

1. c4 c5 2. Nf3 Nc6 3. Nc3 g6 4. e3 Nf6 5. d4 cxd4 6. exd4 d5 7. cxd5 Nxd5 8. Qb3 e6 9. Bb5 Bg7 10. O-O O-O 11. Nxd5 Na5 12. Ne7+ Qxe7 13. Qa4 Nc6 14. Bxc6 bxc6 15. b3 Qc7 16. Be3 Rd8 17. Rac1 Bb7 18. Rc5 Bf8 19. Rc2 Rd5 20. Rfc1 Qd8 21. h3 a5 1/2-1/2

[Event "UT Dallas Fall op"]
[Site "Dallas USA"]
[Date "2018.11.20"]
[Round "8.1"]
[White "Chandra, Akshat"]
[Black "Kovalyov, Anton"]
[Result "1/2-1/2"]
[WhiteElo "2466"]
[BlackElo "2631"]
[PlyCount "103"]
[GameId "2130307614158234"]
[EventDate "2018.11.16"]
[EventType "swiss"]
[EventRounds "9"]
[EventCountry "USA"]
[SourceTitle "10 Days #562"]
[Source "ChessMix"]
[SourceDate "2018.12.01"]
[SourceVersion "1"]
[SourceVersionDate "2018.12.01"]
[SourceQuality "1"]

1. e4 c5 2. Nf3 d6 3. d4 cxd4 4. Nxd4 Nf6 5. Nc3 a6 6. h3 e5 7. Nde2 h5 8. g3 Be6 9. Bg2 b5 10. O-O Nbd7 11. a4 b4 12. Nd5 Nxd5 13. exd5 Bf5 14. Bd2 a5 15. c3 b3 16. Qxb3 Rb8 17. Qa2 Be7 18. Rfe1 Qc8 19. b4 Nf6 20. h4 Ng4 21. f3 Nf6 22. Be3 O-O 23. b5 Bd3 24. Qd2 Bc4 25. Bf2 Nxd5 26. f4 Nf6 27. Nd4 exd4 28. Rxe7 Nd5 29. Ree1 dxc3 30. Qd4 Nb4 31. Qxc3 d5 32. Rad1 Rd8 33. Re5 f6 34. Re7 Qf5 35. Kh2 Qg4 36. Qf3 Qf5 37. Bh3 Qh7 38. Be6+ Kh8 39. f5 Re8 40. Rxe8+ Rxe8 41. b6 Nc6 42. Bxd5 Ne5 43. Qf4 Bxd5 44. Rxd5 Qg8 45. Rb5 Qf7 46. b7 Rb8 47. Qe4 Qa2 48. Kg1 Qd2 49. Rd5 Qb2 50. Rb5 Qd2 51. Rd5 Qb2 52. Rb5 1/2-1/2

[Event "Texas Collegiate Final"]
[Site "Lubbock USA"]
[Date "2018.10.20"]
[Round "1.2"]
[White "Kovalyov, Anton"]
[Black "Torres Rosas, Luis Carlos"]
[Result "1-0"]
[WhiteElo "2629"]
[BlackElo "2293"]
[PlyCount "119"]
[GameId "2130307614951565"]
[EventDate "2018.10.20"]
[EventType "team"]
[EventRounds "4"]
[EventCountry "USA"]
[SourceTitle "10 Days #559"]
[Source "ChessMix"]
[SourceDate "2018.11.01"]
[SourceVersion "1"]
[SourceVersionDate "2018.11.01"]
[SourceQuality "1"]
[WhiteTeam "UTD-A"]
[BlackTeam "TTU-B"]

1. c4 Nf6 2. Nf3 e6 3. e3 d5 4. b3 b6 5. Bb2 Bb7 6. cxd5 exd5 7. Bb5+ c6 8. Be2 Nbd7 9. Qc2 Rc8 10. d3 Bb4+ 11. Nbd2 O-O 12. O-O Re8 13. a3 Bf8 14. Rfe1 c5 15. Bf1 g6 16. g3 Bg7 17. Bh3 Nh5 18. Bxg7 Nxg7 19. Qb2 Ne6 20. Rac1 Qf6 21. Qxf6 Nxf6 22. Ne5 Rcd8 23. f4 Nd7 24. Nef3 Nb8 25. b4 Na6 26. bxc5 Naxc5 27. Bf1 Rc8 28. d4 Ne4 29. Nxe4 dxe4 30. Ne5 f6 31. Nc4 Red8 32. a4 Kf8 33. Na3 Ke7 34. Nb5 a6 35. Na3 Nc7 36. Nc4 Nd5 37. Rb1 Rc6 38. Rb3 Bc8 39. Nd2 Nc3 40. Ra3 a5 41. Bc4 Nd5 42. Bxd5 Rxd5 43. Nxe4 Re6 44. Rc1 Rxe4 45. Rxc8 Kd7 46. Ra8 Re7 47. Rc3 Ke6 48. Kf2 f5 49. Kf3 Rdd7 50. Rac8 Rd6 51. h3 h5 52. Rb8 Kf7 53. g4 hxg4+ 54. hxg4 fxg4+ 55. Kxg4 Kg7 56. Rbc8 Rde6 57. Kf3 g5 58. d5 Rd6 59. R8c7 Rdd7 60. d6 1-0

[Event "Texas Collegiate Final"]
[Site "Lubbock USA"]
[Date "2018.10.20"]
[Round "2.2"]
[White "Kovalyov, Anton"]
[Black "Vazquez, Guillermo"]
[Result "1/2-1/2"]
[WhiteElo "2629"]
[BlackElo "2468"]
[PlyCount "49"]
[GameId "2130307614951571"]
[EventDate "2018.10.20"]
[EventType "team"]
[EventRounds "4"]
[EventCountry "USA"]
[SourceTitle "10 Days #559"]
[Source "ChessMix"]
[SourceDate "2018.11.01"]
[SourceVersion "1"]
[SourceVersionDate "2018.11.01"]
[SourceQuality "1"]
[WhiteTeam "UTD-A"]
[BlackTeam "RGV-B"]

1. Nf3 Nf6 2. e3 c5 3. b3 b6 4. Bb2 Bb7 5. d4 e6 6. Bd3 cxd4 7. exd4 Bb4+ 8. c3 Be7 9. O-O O-O 10. c4 d5 11. Nbd2 Nc6 12. Re1 Re8 13. Rc1 Bf8 14. a3 Rc8 15. Bf1 a5 16. g3 g6 17. Bg2 Bg7 18. Nf1 Re7 19. Ne3 Rec7 20. Rc2 a4 21. b4 dxc4 22. Rxc4 Ba6 23. Rc1 Bb5 24. Ne5 Ne7 25. Rxc7 1/2-1/2

[Event "Texas Collegiate Final"]
[Site "Lubbock USA"]
[Date "2018.10.21"]
[Round "3.2"]
[White "Dragun, Kamil"]
[Black "Kovalyov, Anton"]
[Result "1/2-1/2"]
[WhiteElo "2568"]
[BlackElo "2629"]
[PlyCount "49"]
[GameId "2130307614951577"]
[EventDate "2018.10.20"]
[EventType "team"]
[EventRounds "4"]
[EventCountry "USA"]
[SourceTitle "10 Days #559"]
[Source "ChessMix"]
[SourceDate "2018.11.01"]
[SourceVersion "1"]
[SourceVersionDate "2018.11.01"]
[SourceQuality "1"]
[WhiteTeam "RGV-A"]
[BlackTeam "UTD-A"]

1. e4 c5 2. Nf3 d6 3. Bb5+ Bd7 4. Bxd7+ Qxd7 5. c4 Nf6 6. Nc3 g6 7. d4 cxd4 8. Nxd4 Bg7 9. f3 O-O 10. Be3 Nc6 11. Rc1 Rfd8 12. O-O e6 13. Qd2 Qe7 14. Nxc6 bxc6 15. Bg5 Qf8 16. f4 h6 17. Bh4 Rdb8 18. b3 Ne8 19. Kh1 f5 20. Rce1 Nc7 21. Rf3 Re8 22. Rd1 d5 23. exd5 cxd5 24. Rd3 Qb4 25. Na4 1/2-1/2

[Event "Texas Collegiate Final"]
[Site "Lubbock USA"]
[Date "2018.10.21"]
[Round "4.1"]
[White "Baryshpolets, Andrey"]
[Black "Kovalyov, Anton"]
[Result "1/2-1/2"]
[WhiteElo "2575"]
[BlackElo "2629"]
[PlyCount "44"]
[GameId "2130307614951579"]
[EventDate "2018.10.20"]
[EventType "team"]
[EventRounds "4"]
[EventCountry "USA"]
[SourceTitle "10 Days #559"]
[Source "ChessMix"]
[SourceDate "2018.11.01"]
[SourceVersion "1"]
[SourceVersionDate "2018.11.01"]
[SourceQuality "1"]
[WhiteTeam "TTU-A"]
[BlackTeam "UTD-A"]

1. d4 Nf6 2. c4 e6 3. Nf3 d5 4. Bg5 dxc4 5. Nc3 h6 6. Bxf6 Qxf6 7. e3 Bb4 8. Bxc4 O-O 9. O-O Qe7 10. Rc1 Nd7 11. Qc2 c5 12. a3 Bxc3 13. Qxc3 cxd4 14. Qxd4 Nf6 15. Rfd1 Bd7 16. Be2 Rfd8 17. Qf4 Rac8 18. Ne5 Be8 19. Rxc8 Rxc8 20. Bf3 Rc2 21. Qd4 Qc7 22. h3 b6 1/2-1/2

[Event "Southwest op"]
[Site "Irving USA"]
[Date "2018.08.30"]
[Round "1.2"]
[White "Wang, Justin"]
[Black "Kovalyov, Anton"]
[Result "0-1"]
[WhiteElo "2391"]
[BlackElo "2644"]
[PlyCount "118"]
[GameId "2130307616375096"]
[EventDate "2018.08.30"]
[EventType "swiss"]
[EventRounds "9"]
[EventCountry "USA"]
[SourceTitle "10 Days #554"]
[Source "ChessMix"]
[SourceDate "2018.09.10"]
[SourceVersion "1"]
[SourceVersionDate "2018.09.10"]
[SourceQuality "1"]

1. e4 c5 2. Nf3 d6 3. d4 cxd4 4. Nxd4 Nf6 5. Nc3 a6 6. Be3 e5 7. Nb3 Be7 8. f3 Be6 9. Qd2 Nbd7 10. g4 O-O 11. O-O-O b5 12. g5 Nh5 13. Kb1 f6 14. gxf6 Nhxf6 15. Rg1 Kh8 16. f4 Rc8 17. Qg2 Rg8 18. Nd5 Nxd5 19. exd5 Bf5 20. Bd3 Bxd3 21. Rxd3 Bf6 22. Bc1 Re8 23. fxe5 Nxe5 24. Rh3 Rc4 25. Nd2 Rg4 26. Qf1 Rxg1 27. Qxg1 Qd7 28. Re3 Bd8 29. Re2 Qf7 30. Qg2 Rf8 31. Ne4 Be7 32. Nc5 Qf1 33. Qxf1 Rxf1 34. Nd3 Nxd3 35. cxd3 Bf8 36. Re8 h6 37. b4 Kh7 38. h4 g5 39. h5 Bg7 40. Re6 Be5 41. Kc2 Rf2+ 42. Kb3 Rf3 43. Kc2 Rf2+ 44. Kb3 Rf5 45. Re7+ Kg8 46. Re6 Kg7 47. Rg6+ Kh7 48. Re6 Bf4 49. Bb2 Rxd5 50. Kc2 Be5 51. Bxe5 Rxe5 52. Rxd6 g4 53. Kd2 Rxh5 54. Ke3 Rf5 55. Ke4 Rf7 56. Rc6 h5 57. Rc1 Kg6 58. d4 g3 59. Rh1 Kg5 0-1

[Event "Southwest op"]
[Site "Irving USA"]
[Date "2018.08.31"]
[Round "2.2"]
[White "Kovalyov, Anton"]
[Black "Drozdowski, Kacper"]
[Result "1/2-1/2"]
[WhiteElo "2644"]
[BlackElo "2489"]
[PlyCount "148"]
[GameId "2130307616379214"]
[EventDate "2018.08.30"]
[EventType "swiss"]
[EventRounds "9"]
[EventCountry "USA"]
[SourceTitle "10 Days #554"]
[Source "ChessMix"]
[SourceDate "2018.09.10"]
[SourceVersion "1"]
[SourceVersionDate "2018.09.10"]
[SourceQuality "1"]

1. c4 e5 2. Nc3 Nf6 3. Nf3 Nc6 4. g3 d5 5. cxd5 Nxd5 6. Bg2 Nb6 7. O-O Be7 8. Rb1 O-O 9. b4 Bf5 10. b5 Nd4 11. d3 Bf6 12. Nd2 c6 13. bxc6 Nxc6 14. Nde4 Be7 15. Be3 Nd4 16. a4 Be6 17. a5 Nd5 18. Rxb7 Nxe3 19. fxe3 Nf5 20. Qd2 Re8 21. Nb5 Rb8 22. a6 Rxb7 23. axb7 Qb6 24. Rb1 Rb8 25. Nbc3 Bb4 26. Qb2 Rxb7 27. Nd1 Nxe3 28. Nxe3 Qxe3+ 29. Kh1 Rb5 30. Rf1 h6 31. Nd6 Rb6 32. Nc4 Bxc4 33. dxc4 Bc5 34. Qa1 Rf6 35. Rxf6 gxf6 36. Qf1 e4 37. Bh3 Qd4 38. Bf5 a5 39. Kg2 Qe3 40. Bd7 Kg7 41. Kh3 h5 42. Qe1 Qd4 43. Bb5 Bb4 44. Qf1 Qe3 45. Bc6 Qg5 46. Kg2 Qe5 47. Qd1 Bd6 48. Qd2 h4 49. Qe3 hxg3 50. hxg3 Qg5 51. Qxe4 Qxg3+ 52. Kf1 Bc5 53. Qg2 Qg5 54. Ba4 Be3 55. Bc2 Kf8 56. Qa8+ Kg7 57. Qg2 Bd4 58. Ba4 Bb6 59. Bc2 Be3 60. Ba4 Ba7 61. Bc2 Bc5 62. Ba4 Bd6 63. Bc2 Bg3 64. Qe4 Bd6 65. Qg2 Qxg2+ 66. Kxg2 f5 67. Kf3 Kf6 68. Ke3 Ke5 69. Ba4 Bc5+ 70. Kd3 Kd6 71. Be8 f6 72. Kc3 Ke5 73. Kb3 Kd4 74. Bh5 f4 1/2-1/2

[Event "Southwest op"]
[Site "Irving USA"]
[Date "2018.08.31"]
[Round "3.4"]
[White "Patel, Advait"]
[Black "Kovalyov, Anton"]
[Result "1/2-1/2"]
[WhiteElo "2475"]
[BlackElo "2644"]
[PlyCount "40"]
[GameId "2130307616379240"]
[EventDate "2018.08.30"]
[EventType "swiss"]
[EventRounds "9"]
[EventCountry "USA"]
[SourceTitle "10 Days #554"]
[Source "ChessMix"]
[SourceDate "2018.09.10"]
[SourceVersion "1"]
[SourceVersionDate "2018.09.10"]
[SourceQuality "1"]

1. e4 c5 2. Nf3 d6 3. d4 cxd4 4. Nxd4 Nf6 5. Nc3 a6 6. Be2 e5 7. Nf3 Be7 8. Bg5 Be6 9. Bxf6 Bxf6 10. O-O Be7 11. Nd5 Nd7 12. Bc4 Rc8 13. Qe2 Nb6 14. Nxb6 Qxb6 15. Bb3 O-O 16. Rad1 a5 17. Rd3 a4 18. Bxe6 fxe6 19. c3 Qb5 20. a3 Rc6 1/2-1/2

[Event "Southwest op"]
[Site "Irving USA"]
[Date "2018.09.01"]
[Round "4.4"]
[White "Kovalyov, Anton"]
[Black "Javakhadze, Zurab"]
[Result "1-0"]
[WhiteElo "2644"]
[BlackElo "2438"]
[PlyCount "87"]
[GameId "2130307616379262"]
[EventDate "2018.08.30"]
[EventType "swiss"]
[EventRounds "9"]
[EventCountry "USA"]
[SourceTitle "10 Days #554"]
[Source "ChessMix"]
[SourceDate "2018.09.10"]
[SourceVersion "1"]
[SourceVersionDate "2018.09.10"]
[SourceQuality "1"]

1. c4 e6 2. g3 d5 3. Bg2 Nf6 4. Nf3 Be7 5. O-O O-O 6. b3 b6 7. Bb2 Bb7 8. e3 Nbd7 9. Nc3 Ne4 10. cxd5 exd5 11. Ne2 Bf6 12. Bxf6 Ndxf6 13. d3 Nd6 14. Nf4 c5 15. Rc1 Rc8 16. Ne5 Qe7 17. Ng4 Nde8 18. Re1 Nxg4 19. Qxg4 Nf6 20. Qf5 Rfd8 21. h4 h6 22. h5 Rc7 23. d4 Rdc8 24. Nxd5 Bxd5 25. Bxd5 Qd8 26. Bf3 cxd4 27. Rxc7 Rxc7 28. exd4 Qxd4 29. Rd1 Rc5 30. Qb1 Qe5 31. Rd8+ Ne8 32. Kg2 Rc7 33. Qd3 Qe7 34. Ra8 Kf8 35. Qb5 Rc5 36. Qa4 Ra5 37. Qf4 Re5 38. Rxa7 Qxa7 39. Qxe5 Qxa2 40. Bc6 Nf6 41. Qb8+ Ke7 42. Qc7+ Ke6 43. Qxb6 Qd2 44. Bd5+ 1-0

[Event "Southwest op"]
[Site "Irving USA"]
[Date "2018.09.01"]
[Round "5.2"]
[White "Berczes, David"]
[Black "Kovalyov, Anton"]
[Result "0-1"]
[WhiteElo "2501"]
[BlackElo "2644"]
[PlyCount "74"]
[GameId "2130307616379284"]
[EventDate "2018.08.30"]
[EventType "swiss"]
[EventRounds "9"]
[EventCountry "USA"]
[SourceTitle "10 Days #554"]
[Source "ChessMix"]
[SourceDate "2018.09.10"]
[SourceVersion "1"]
[SourceVersionDate "2018.09.10"]
[SourceQuality "1"]

1. d4 Nf6 2. c4 e6 3. Nf3 d5 4. g3 Be7 5. Bg2 O-O 6. O-O c6 7. Nc3 Nbd7 8. Qd3 b6 9. e4 Ba6 10. b3 dxc4 11. bxc4 e5 12. Rd1 Qc7 13. Ne2 Rad8 14. Qc2 Rfe8 15. Bb2 Bd6 16. Nh4 g6 17. Rac1 Be7 18. h3 Nh5 19. Nf3 exd4 20. Nfxd4 Ne5 21. Qa4 Qb7 22. Nf5 Rxd1+ 23. Rxd1 Bf8 24. Ne3 Bxc4 25. Nxc4 b5 26. Na5 Qb6 27. Qd4 Qxa5 28. f4 b4 29. Kh2 Bc5 30. Qd2 Nc4 31. Qd7 Rf8 32. Ba1 Qxa2 33. Bf3 Ne3 34. Rc1 Bb6 35. Be5 Nc4 36. Ba1 Nd2 37. Bg2 Nb3 0-1

[Event "Southwest op"]
[Site "Irving USA"]
[Date "2018.09.02"]
[Round "6.2"]
[White "Kovalyov, Anton"]
[Black "Sadorra, Julio"]
[Result "0-1"]
[WhiteElo "2644"]
[BlackElo "2555"]
[PlyCount "68"]
[GameId "2130307616383402"]
[EventDate "2018.08.30"]
[EventType "swiss"]
[EventRounds "9"]
[EventCountry "USA"]
[SourceTitle "10 Days #554"]
[Source "ChessMix"]
[SourceDate "2018.09.10"]
[SourceVersion "1"]
[SourceVersionDate "2018.09.10"]
[SourceQuality "1"]

1. c4 e6 2. g3 d5 3. Bg2 Nf6 4. Nf3 Be7 5. O-O O-O 6. b3 b6 7. Bb2 Bb7 8. cxd5 Nxd5 9. d4 c5 10. Nbd2 Nd7 11. Rc1 Rc8 12. dxc5 Nxc5 13. Nd4 Bg5 14. N4f3 Bf6 15. Ne5 Bg5 16. Nef3 Bh6 17. Rc4 b5 18. Rh4 b4 19. Qe1 a5 20. Nc4 a4 21. Nce5 f5 22. Nd3 a3 23. Ba1 Ne4 24. Nd4 Qd6 25. Nf3 Ndc3 26. Bxc3 bxc3 27. Nfe5 Bd2 28. Qa1 c2 29. Nc4 Rxc4 30. bxc4 Nc3 31. Nc1 Rb8 32. Bxb7 Rxb7 33. Nb3 Nxe2+ 34. Kg2 Bc3 0-1

[Event "Southwest op"]
[Site "Irving USA"]
[Date "2018.09.02"]
[Round "7.2"]
[White "Xiong, Jeffery"]
[Black "Kovalyov, Anton"]
[Result "1/2-1/2"]
[WhiteElo "2650"]
[BlackElo "2644"]
[PlyCount "86"]
[GameId "2130307616383425"]
[EventDate "2018.08.30"]
[EventType "swiss"]
[EventRounds "9"]
[EventCountry "USA"]
[SourceTitle "10 Days #554"]
[Source "ChessMix"]
[SourceDate "2018.09.10"]
[SourceVersion "1"]
[SourceVersionDate "2018.09.10"]
[SourceQuality "1"]

1. e4 c5 2. Nf3 d6 3. d4 cxd4 4. Nxd4 Nf6 5. Nc3 a6 6. h3 e5 7. Nde2 h5 8. Bg5 Be7 9. Ng3 g6 10. Bc4 Be6 11. Bb3 Nbd7 12. Qf3 Nc5 13. O-O-O Nfd7 14. Bxe7 Qxe7 15. Qe3 Rc8 16. f4 exf4 17. Qxf4 Bxb3 18. axb3 Qe5 19. Qf3 Qg5+ 20. Kb1 Rc6 21. h4 Qd8 22. Nd5 Ne5 23. Nf6+ Kf8 24. Qf2 Ncd7 25. Nxd7+ Nxd7 26. Rhf1 Qe7 27. Ne2 Kg7 28. Nd4 Rc7 29. Qg3 Kh7 30. Nf3 Ne5 31. Nxe5 Qxe5 32. Qxe5 dxe5 33. Rd5 Re8 34. c4 Kg7 35. Kc2 Re6 36. Kc3 f6 37. b4 Rf7 38. Re1 f5 39. exf5 Rxf5 40. Rd7+ Rf7 41. Rd5 Rf5 42. Rd7+ Rf7 43. Rd5 Rf5 1/2-1/2